A View from the Top: (Record no. 189390)

MARC details
000 -LEADER
fixed length control field 00637nam a22001817a 4500
005 - DATE AND TIME OF LATEST TRANSACTION
control field 20220629124310.0
010 ## - LCCN (DPL NO)
LC control number ENG-133399
020 ## - INTERNATIONAL STANDARD BOOK NUMBER
International Standard Book Number 9789393330154
Terms of availability 950.00
035 ## - SYSTEM CONTROL NUMBER
System control number EN-116931
037 ## - SOURCE OF ACQUISITION
Source of stock number/acquisition DBAD/PUB
082 ## - DEWEY DECIMAL CLASSIFICATION NUMBER
Classification number 512.97
100 ## - MAIN ENTRY--PERSONAL NAME
Personal name Iosevich, Alex
245 ## - TITLE STATEMENT
Title A View from the Top:
Remainder of title Analysis, Combinatorics and Number Theory/
Statement of responsibility, etc Alex Iosevich
260 ## - PUBLICATION, DISTRIBUTION, ETC. (IMPRINT)
Place of publication, distribution, etc Hyderabad
Name of publisher, distributor, etc Universities Press (India) Private Limited
Date of publication, distribution, etc 2007
270 ## - ADDRESS
Address 3-6-747/1/A & 3-6-754/1 Himayatnagar
City Telangana
Postal code 500029
Electronic mail address info@universitiespress.com
300 ## - PHYSICAL DESCRIPTION
Extent xi, 136p.
Other physical details Bibliography
Dimensions 22cm(pbk)
942 ## - ADDED ENTRY ELEMENTS (KOHA)
Source of classification or shelving scheme Dewey Decimal Classification
Item type English Books
Classification part 512.97
Call number suffix IOS
Holdings
Withdrawn status Lost status Not for loan Collection code Home library Current library Date acquired Source of acquisition Cost, normal purchase price Full call number Barcode Copy number Cost, replacement price Koha item type
      Non-fiction Ashok Vihar Ashok Vihar 28/06/2022 DBAD/PUB 950.00 512.97 IOS EN-116931 1 950.00 English Books

© Delhi Public Library
Hit Counter
free hit counter